| 000 | 00595cab a2200217 4500 | ||
|---|---|---|---|
| 001 | WB2526-06 | ||
| 008 | 090401t1989 xxu||||| |||| 00| 0 eng d | ||
| 035 | _a(Sirsi) u71392 | ||
| 041 | _aeng | ||
| 245 | _aSheltered housing code | ||
| 260 | _c1989 | ||
| 350 | _a0 | ||
| 490 |
_aContract Journal _vvol 349 no 5724 29/6/89 p4 |
||
| 520 | _aThe NHBC has launched a code of practice for developers of sheltered housing (See also WB2523-04). | ||
| 650 | _aBUILDMARK | ||
| 650 | _aELDERLY | ||
| 650 | _aHOUSE BUILDING | ||
| 690 | _aBUILT ENVIRONMENT | ||
| 942 | _n0 | ||
| 948 | _c04/03/1997 | ||
| 999 |
_c44997 _d44997 |
||